[Event "Helsingor Xtracon op"]
[Site "Helsingor"]
[Date "2019.07.24"]
[Round "6"]
[White "Manz, Andreas"]
[Black "Lundberg, Roland"]
[Result "1/2-1/2"]
[WhiteElo "1770"]
[BlackElo "1958"]
[PlyCount "46"]
[EventDate "2019.07.20"]
[EventType "swiss"]
[EventRounds "10"]
[EventCountry "DEN"]
[SourceTitle "CBM 191 Extra"]
[Source "ChessBase"]
[SourceDate "2019.09.30"]
[SourceVersion "1"]
[SourceVersionDate "2019.09.30"]
[SourceQuality "1"]

1. d4 d5 2. c4 c6 3. cxd5 cxd5 4. Nc3 Nf6 5. Bf4 Nc6 6. e3 Bf5 7. Qb3 Na5 8. Qa4+ Bd7 9. Qc2 e6 10. h3 Rc8 11. Bd3 Nh5 12. Bh2 g6 13. Nf3 Nc4 14. Ne5 Nxe5 15. Bxe5 f6 16. Bh2 Kf7 17. 0-0 Qb6 18. Rfc1 Bd6 19. Bxd6 Qxd6 20. Qb3 Rc7 21. Rc2 Rhc8 22. Rac1 a6 23. Ne2 Rxc2 1/2-1/2

[Event "Helsingor Xtracon op"]
[Site "Helsingor"]
[Date "2019.07.22"]
[Round "4"]
[White "Lundberg, Roland"]
[Black "Nilssen, Ellen Fredericia"]
[Result "0-1"]
[WhiteElo "1958"]
[BlackElo "2155"]
[PlyCount "120"]
[EventDate "2019.07.20"]
[EventType "swiss"]
[EventRounds "10"]
[EventCountry "DEN"]
[SourceTitle "CBM 191 Extra"]
[Source "ChessBase"]
[SourceDate "2019.09.30"]
[SourceVersion "1"]
[SourceVersionDate "2019.09.30"]
[SourceQuality "1"]

1. d4 Nf6 2. c4 g6 3. Nc3 d5 4. Nf3 Bg7 5. cxd5 Nxd5 6. Na4 Nd7 7. e4 N5b6 8. Be3 0-0 9. Nc3 e5 10. Bg5 f6 11. Bh4 Qe7 12. Qb3+ Kh8 13. d5 c6 14. Rd1 cxd5 15. exd5 g5 16. d6 Qd8 17. Bg3 f5 18. h4 gxh4 19. Bxh4 Bf6 20. g3 e4 21. Nd4 Nc5 22. Qb5 Bxh4 23. Rxh4 Ne6 24. Rh6 Ng7 25. Qe5 Qg5 26. Rh4 Bd7 27. Be2 Rae8 28. Qf4 Qxf4 29. gxf4 Rf6 30. Ndb5 a6 31. Nc7 Rd8 32. N3d5 Nxd5 33. Nxd5 Rxd6 34. Ne7 Rxd1+ 35. Bxd1 Be6 36. Ng6+ Kg8 37. Ne5 Bxa2 38. Rh3 Bd5 39. Rg3 b5 40. b4 Rd6 41. Rc3 Ne6 42. Rg3+ Kf8 43. Rh3 Nxf4 44. Rxh7 Kg8 45. Rc7 Re6 46. Nd7 Nd3+ 47. Ke2 Nxb4 48. Ke3 Nd3 49. Nc5 Rd6 50. Nxd3 exd3 51. Rc5 Kg7 52. Rc7+ Kf6 53. f4 d2 54. Rh7 Be4 55. Rh6+ Ke7 56. Rxd6 Kxd6 57. Kxd2 Kc5 58. Kc3 a5 59. Bb3 a4 60. Be6 b4+ 0-1

[Event "Helsingor Xtracon op"]
[Site "Helsingor"]
[Date "2019.07.21"]
[Round "3"]
[White "Pantzar, Milton"]
[Black "Lundberg, Roland"]
[Result "1-0"]
[WhiteElo "2357"]
[BlackElo "1958"]
[PlyCount "99"]
[EventDate "2019.07.20"]
[EventType "swiss"]
[EventRounds "10"]
[EventCountry "DEN"]
[SourceTitle "CBM 191 Extra"]
[Source "ChessBase"]
[SourceDate "2019.09.30"]
[SourceVersion "1"]
[SourceVersionDate "2019.09.30"]
[SourceQuality "1"]

1. d4 e6 2. c4 f5 3. g3 Nf6 4. Bg2 d5 5. Nd2 Be7 6. Ngf3 0-0 7. 0-0 c6 8. b3 Qe8 9. Bb2 Nbd7 10. Qc1 Ng4 11. Ba3 Rf6 12. Bxe7 Qxe7 13. Qc2 Nf8 14. h3 Nh6 15. Ne5 Nf7 16. Nxf7 Rxf7 17. f4 Bd7 18. Nf3 Ng6 19. c5 Be8 20. b4 h6 21. a4 Qc7 22. e3 Nf8 23. Ne5 Re7 24. g4 g6 25. Bf3 Nd7 26. Nd3 g5 27. gxf5 exf5 28. Ne5 Nxe5 29. fxe5 Qd7 30. Rf2 Rg7 31. Be2 Bg6 32. Bd3 Rf8 33. Raf1 Rgf7 34. Kh2 Qe6 35. b5 Kh7 36. Qb1 h5 37. h4 g4 38. Kg3 Kh6 39. Rf4 Qc8 40. R1f2 b6 41. Rc2 Rc7 42. cxb6 axb6 43. Qc1 c5 44. a5 c4 45. axb6 Rb7 46. e4 dxe4 47. Bxe4 Rxb6 48. Rxc4 Qe6 49. Bxf5 Rxf5 50. Rxf5+ 1-0

[Event "Politiken Cup 37th"]
[Site "Helsingor"]
[Date "2015.08.01"]
[Round "9"]
[White "Ramsdal, Jens Albert"]
[Black "Lundberg, Roland"]
[Result "1-0"]
[WhiteElo "2169"]
[BlackElo "1990"]
[PlyCount "47"]
[EventDate "2015.07.25"]
[EventType "swiss"]
[EventRounds "10"]
[EventCountry "DEN"]
[SourceTitle "CBM 167 Extra"]
[Source "ChessBase"]
[SourceDate "2015.09.14"]
[SourceVersion "1"]
[SourceVersionDate "2015.09.14"]
[SourceQuality "1"]

1. e4 e5 2. Nf3 Nc6 3. Bc4 h6 4. d4 exd4 5. 0-0 Bc5 6. c3 d3 7. b4 Bd6 8. e5 Bf8 9. Re1 a6 10. Qxd3 Nge7 11. Bf4 g6 12. Nbd2 Bg7 13. Ne4 Kf8 14. Rad1 b6 15. Bb3 Nf5 16. Qd5 Qe7 17. g4 Bb7 18. gxf5 Nxe5 19. Qxb7 Nxf3+ 20. Kh1 Be5 21. Qxa8+ Kg7 22. Bxe5+ Qxe5 23. f6+ Kh7 24. Ng5+ 1-0

[Event "Politiken Cup 35th"]
[Site "Helsingor"]
[Date "2013.08.03"]
[Round "9"]
[White "Bach, Matthias"]
[Black "Lundberg, Roland"]
[Result "1-0"]
[WhiteElo "2251"]
[BlackElo "1996"]
[PlyCount "73"]
[EventDate "2013.07.27"]
[EventType "swiss"]
[EventRounds "10"]
[EventCountry "DEN"]
[SourceTitle "CBM 155 Extra"]
[Source "ChessBase"]
[SourceDate "2013.08.26"]
[SourceVersion "1"]
[SourceVersionDate "2013.08.26"]
[SourceQuality "1"]

1. e4 c6 2. c4 d5 3. exd5 cxd5 4. d4 Nf6 5. Nc3 g6 6. Nf3 Bg7 7. Be2 0-0 8. 0-0 Nbd7 9. c5 b6 10. c6 Nb8 11. Ne5 a6 12. Bf4 Ne8 13. Rc1 e6 14. Bf3 f6 15. Nxg6 hxg6 16. Nxd5 Nxc6 17. Ne3 Nxd4 18. Bxa8 f5 19. Nc4 Bd7 20. Be5 Bb5 21. Qxd4 Qxd4 22. Bxd4 Bxd4 23. Rfd1 e5 24. b3 a5 25. Na3 Ba6 26. Nc2 Bc5 27. Rd8 Nf6 28. Rxf8+ Kxf8 29. Ne3 Bd3 30. h3 Ke7 31. Nd5+ Nxd5 32. Bxd5 Kd6 33. Rd1 e4 34. Bc4 Ke5 35. Bxd3 exd3 36. Rxd3 g5 37. Kf1 1-0

[Event "Politiken Cup 35th"]
[Site "Helsingor"]
[Date "2013.07.31"]
[Round "6"]
[White "Lundberg, Roland"]
[Black "Norlander, Svante"]
[Result "1-0"]
[WhiteElo "1996"]
[BlackElo "1796"]
[PlyCount "45"]
[EventDate "2013.07.27"]
[EventType "swiss"]
[EventRounds "10"]
[EventCountry "DEN"]
[SourceTitle "CBM 155 Extra"]
[Source "ChessBase"]
[SourceDate "2013.08.26"]
[SourceVersion "1"]
[SourceVersionDate "2013.08.26"]
[SourceQuality "1"]

1. Nf3 c5 2. c4 Nc6 3. e3 g6 4. Be2 Bg7 5. 0-0 Nf6 6. Nc3 0-0 7. d4 cxd4 8. Nxd4 Nxd4 9. exd4 d5 10. c5 b6 11. b4 Ne4 12. Nxe4 dxe4 13. Be3 bxc5 14. bxc5 a5 15. Rc1 Qd5 16. Bc4 Qf5 17. Qe2 Bb7 18. Bb5 Bd5 19. a4 e5 20. Rfd1 Bb3 21. Rd2 Rfc8 22. d5 Bf8 23. Rc3 1-0

[Event "Politiken Cup 32nd"]
[Site "Copenhagen"]
[Date "2010.08.07"]
[Round "9"]
[White "Lundberg, Roland"]
[Black "Vesterli, Michael"]
[Result "0-1"]
[WhiteElo "2006"]
[BlackElo "1862"]
[PlyCount "132"]
[EventDate "2010.07.31"]
[EventType "swiss"]
[EventRounds "10"]
[EventCountry "DEN"]
[SourceTitle "CBM 137 Extra"]
[Source "ChessBase"]
[SourceDate "2010.09.01"]
[SourceVersion "1"]
[SourceVersionDate "2010.09.01"]
[SourceQuality "1"]

1. e4 c5 2. Nf3 d6 3. Bb5+ Bd7 4. Bxd7+ Nxd7 5. 0-0 Ngf6 6. Re1 e6 7. c3 Be7 8. d4 cxd4 9. cxd4 0-0 10. Nc3 Rc8 11. Qb3 Nb6 12. h3 Rc4 13. Be3 d5 14. a3 dxe4 15. Nd2 Rc6 16. Rac1 Qd7 17. Ndxe4 Nxe4 18. Nxe4 Rxc1 19. Rxc1 Qd5 20. Qxd5 Nxd5 21. Kf1 Rd8 22. Ke2 b6 23. Nc3 Nc7 24. a4 Kf8 25. Bf4 Ne8 26. Be3 Bf6 27. Ne4 Bxd4 28. Rd1 e5 29. f4 Ke7 30. Bxd4 exd4 31. Ng5 Nc7 32. Nf3 Ne6 33. g3 f5 34. b4 Rd5 35. Rc1 a5 36. bxa5 bxa5 37. Ne5 Nc5 38. Rd1 Nxa4 39. Ra1 Nc3+ 40. Kd3 Ne4 41. Nc6+ Kd6 42. Nxa5 Nxg3 43. Nc4+ Ke7 44. Nb6 Rd8 45. Ra7+ Kf8 46. Nd7+ Ke8 47. Nc5 Nh5 48. Ne6 Rd7 49. Ra3 Ke7 50. Nxd4 Nxf4+ 51. Kc4 Kf6 52. h4 g6 53. Ra6+ Kg7 54. Rc6 Ng2 55. Nf3 Kh6 56. Kc3 Re7 57. Kd2 Re4 58. Ng5 Rxh4 59. Nf7+ Kh5 60. Rc7 Re4 61. Nh8 h6 62. Rc6 Nf4 63. Nf7 Re7 64. Nd6 Re6 65. Kc2 Kg4 66. Rb6 h5 0-1

[Event "Politiken Cup 32nd"]
[Site "Copenhagen"]
[Date "2010.08.06"]
[Round "8"]
[White "Schou Moldt, Thomas"]
[Black "Lundberg, Roland"]
[Result "1-0"]
[WhiteElo "2183"]
[BlackElo "2006"]
[PlyCount "67"]
[EventDate "2010.07.31"]
[EventType "swiss"]
[EventRounds "10"]
[EventCountry "DEN"]
[SourceTitle "CBM 137 Extra"]
[Source "ChessBase"]
[SourceDate "2010.09.01"]
[SourceVersion "1"]
[SourceVersionDate "2010.09.01"]
[SourceQuality "1"]

1. e4 g6 2. d4 Bg7 3. Nc3 a6 4. a4 d6 5. Be3 Nf6 6. Be2 0-0 7. h4 h5 8. f3 Bd7 9. Qd2 e5 10. d5 Qc8 11. 0-0-0 b5 12. a5 b4 13. Nb1 c5 14. Bh6 Qd8 15. Nh3 Qxa5 16. Bxg7 Kxg7 17. Nf2 Bb5 18. g4 Bxe2 19. Qxe2 Nbd7 20. Rdg1 Qb6 21. Nd2 a5 22. Nc4 Qb8 23. f4 Rh8 24. f5 Nf8 25. Ne3 a4 26. Nc4 hxg4 27. Nxg4 Nh5 28. f6+ Nxf6 29. Nxf6 Kxf6 30. Rf1+ Kg7 31. Qf3 Ra7 32. Qf6+ Kg8 33. Rhg1 Nh7 34. Rxg6+ 1-0